[Event "VIE-chT"]
[Site "Ho Chi Minh City"]
[Date "2012.09.25"]
[Round "7"]
[White "Le, Cong Cuong"]
[Black "Ton That Nhu, Tung"]
[Result "0-1"]
[WhiteElo "2130"]
[BlackElo "2184"]
[PlyCount "109"]
[EventDate "2012.09.21"]
[EventType "team-tourn"]
[EventRounds "9"]
[EventCountry "VIE"]
[SourceTitle "OM OTB B 201907"]
[Source "Opening Master"]
[SourceDate "2019.07.06"]
[SourceVersion "2"]
[SourceVersionDate "2019.07.06"]
[SourceQuality "1"]

1. e4 c5 2. Nf3 Nc6 3. d4 cxd4 4. Nxd4 Nf6 5. Nc3 d6 6. Be2 e5 7. Nb3 Be7 8.
O-O O-O 9. f4 a5 10. a4 Nb4 11. Kh1 Qb6 12. Bf3 Be6 13. Nb5 Bc4 14. Re1 Bxb5
15. axb5 Qxb5 16. Be3 a4 17. Nc1 Nc6 18. Ra2 exf4 19. Bxf4 Ne5 20. h3 Rfc8 21.
c3 Qc4 22. Bg3 h6 23. Bf2 Nxf3 24. Qxf3 Nd7 25. Bd4 Bf6 26. Rd1 Ne5 27. Qg3 b5
28. Ra1 Re8 29. Nd3 Kh8 30. Nf4 Rab8 31. Nh5 Bg5 32. Qf2 Qe6 33. Rf1 Rb7 34.
Qe2 Qg6 35. Ng3 Nc6 36. Nf5 Nxd4 37. cxd4 Qe6 38. h4 Be7 39. Qf3 Bf8 40. Rae1
Rbb8 41. Ng3 Qg6 42. Kh2 Rb7 43. Nf5 Rd7 44. Kh1 Red8 45. Qd3 Qg4 46. Qe3 d5
47. Rf4 Qg6 48. e5 Qe6 49. Ra1 Rc7 50. Qd3 Qc6 51. Ne3 b4 52. Ng4 a3 53. bxa3
bxa3 54. Rf2 Kg8 55. Rfa2 0-1

[Event "Satka Autumn op (Women)"]
[Site "Satka"]
[Date "2012.09.25"]
[Round "5"]
[White "Gileva, Irina"]
[Black "Figura, Ludmila"]
[Result "0-1"]
[WhiteElo "2148"]
[BlackElo "2138"]
[PlyCount "84"]
[EventDate "2012.09.20"]
[EventType "swiss"]
[EventRounds "9"]
[EventCountry "RUS"]
[SourceTitle "OM OTB B 201907"]
[Source "Opening Master"]
[SourceDate "2019.07.06"]
[SourceVersion "2"]
[SourceVersionDate "2019.07.06"]
[SourceQuality "1"]

1. e4 c5 2. Nf3 d6 3. d4 cxd4 4. Nxd4 Nf6 5. Nc3 Nc6 6. Be2 e5 7. Nb3 Be7 8.
O-O O-O 9. Be3 a5 10. f3 Be6 11. Nd5 a4 12. Nxe7+ Qxe7 13. Nd2 d5 14. Bg5 Rfd8
15. exd5 Rxd5 16. Qc1 Nd4 17. Bd3 h6 18. Be3 Rc8 19. Ne4 Rxc2 20. Nxf6+ Qxf6
21. Qd1 Ne2+ 22. Qxe2 Rxe2 23. Bxe2 b5 24. a3 Qg6 25. Rac1 Bf5 26. Rfd1 Bh3 27.
Bf1 Be6 28. Rxd5 Bxd5 29. Kf2 e4 30. Rc5 Qd6 31. f4 Bc6 32. Bxb5 Bxb5 33. Rxb5
Qd3 34. Rc5 Qb3 35. Bc1 Qb6 36. Be3 Qxb2+ 37. Kf1 Qxa3 38. Ke2 Qd3+ 39. Kf2 a3
40. Rc1 a2 41. Rc8+ Kh7 42. Ra8 Qc2+ 0-1

[Event "BUL-chT-A (Women) 62nd"]
[Site "Sunny Beach"]
[Date "2012.09.23"]
[Round "5.2"]
[White "Gocheva, Rumiana B"]
[Black "Nikolova, Adriana"]
[Result "0-1"]
[WhiteElo "2155"]
[BlackElo "2292"]
[PlyCount "85"]
[EventDate "2012.09.19"]
[EventType "team-tourn"]
[EventRounds "7"]
[EventCountry "BUL"]
[SourceTitle "OM OTB B 201907"]
[Source "Opening Master"]
[SourceDate "2019.07.06"]
[SourceVersion "2"]
[SourceVersionDate "2019.07.06"]
[SourceQuality "1"]

1. e4 c5 2. Nf3 d6 3. d4 cxd4 4. Nxd4 Nf6 5. Nc3 Nc6 6. Be2 e5 7. Nf3 h6 8. O-O
Be7 9. Re1 O-O 10. h3 Be6 11. Bf1 Nb8 12. b3 a6 13. a4 Nbd7 14. Bb2 Nc5 15. Nd2
Qc7 16. Nc4 Rad8 17. Qf3 Nh7 18. Bc1 f5 19. exf5 Rxf5 20. Nd5 Qd7 21. Nxe7+
Qxe7 22. Qg3 Bxc4 23. Bxc4+ d5 24. Bd3 e4 25. Ba3 Nf6 26. c4 Rg5 27. Qh2 d4 28.
f4 Rg6 29. Bxc5 Qxc5 30. Bxe4 d3+ 31. Kh1 Nxe4 32. Rxe4 d2 33. Rd1 Rd3 34. Re2
Qd4 35. f5 Rd6 36. Qg1 Qc3 37. Qf2 Qc2 38. Qf1 Rc3 39. Rf2 Re3 40. Kh2 Qc3 41.
Qg1 Rdd3 42. Rf3 Rxf3 43. gxf3 0-1

[Event "Tatry op"]
[Site "Tatranske Zruby"]
[Date "2012.09.23"]
[Round "1"]
[White "Gombar, Peter"]
[Black "Vermirovsky, Vlastimil"]
[Result "0-1"]
[WhiteElo "1983"]
[BlackElo "2044"]
[PlyCount "48"]
[EventDate "2012.09.23"]
[EventType "swiss"]
[EventRounds "9"]
[EventCountry "SVK"]
[SourceTitle "OM OTB B 201907"]
[Source "Opening Master"]
[SourceDate "2019.07.06"]
[SourceVersion "2"]
[SourceVersionDate "2019.07.06"]
[SourceQuality "1"]

1. e4 c5 2. Nf3 d6 3. d4 cxd4 4. Nxd4 Nf6 5. Nc3 Nc6 6. Be2 e5 7. Nb3 Be7 8.
Be3 O-O 9. f3 a5 10. a4 Be6 11. Nd5 Bxd5 12. exd5 Nb4 13. c4 Nd7 14. O-O Bg5
15. f4 Bxf4 16. Bxf4 exf4 17. Rxf4 Qb6+ 18. Nd4 Rae8 19. Kh1 Ne5 20. Nf5 Ng6
21. Rg4 Re5 22. Ng3 Rfe8 23. Bf1 h5 24. Rd4 Re1 0-1

[Event "RB-00191"]
[Site "LSS"]
[Date "2012.09.20"]
[Round "?"]
[White "Hammerschmidt, Volker"]
[Black "Rutten, David"]
[Result "1/2-1/2"]
[WhiteElo "1935"]
[BlackElo "2092"]
[PlyCount "78"]
[EventDate "2012.08.05"]
[SourceTitle "LSS to Dec2020"]
[Source "LSS ed TH"]
[SourceDate "2021.01.12"]
[SourceVersion "3"]
[SourceVersionDate "2021.01.12"]
[SourceQuality "1"]

1. e4 c5 2. Nf3 Nc6 3. d4 cxd4 4. Nxd4 Nf6 5. Nc3 d6 6. Be2 e5 7. Nf3 h6 8. O-O
Be7 9. h3 O-O 10. Re1 Be6 11. Bf1 Nb8 12. a4 Nbd7 13. b3 a6 14. Bb2 Qc7 15. a5
Rac8 16. g3 Rfe8 17. Re3 Nh7 18. Nd2 Bg5 19. Re2 Qc5 20. Bg2 Bd8 21. Nd5 Qxc2
22. Nc4 Qxd1+ 23. Rxd1 Bc7 24. Ba3 Nc5 25. Rb2 Bb8 26. Ncb6 Rcd8 27. b4 Nd7 28.
b5 Nxb6 29. Nxb6 Nf6 30. bxa6 bxa6 31. Rc1 Re7 32. Nd5 Bxd5 33. exd5 Ra7 34.
Rbc2 Nd7 35. h4 Nc5 36. Bxc5 dxc5 37. Rxc5 Kf8 38. Rc8 Ke7 39. Rxd8 Kxd8
1/2-1/2

[Event "HUN-chT2 Szechenyi 1213"]
[Site "Hungary"]
[Date "2012.09.16"]
[Round "1.8"]
[White "Geroly, Jozsef"]
[Black "Lejer, Sandor"]
[Result "1/2-1/2"]
[WhiteElo "1908"]
[BlackElo "1973"]
[PlyCount "20"]
[EventDate "2012.09.16"]
[EventType "team-tourn"]
[EventRounds "11"]
[EventCountry "HUN"]
[SourceTitle "OM OTB B 201907"]
[Source "Opening Master"]
[SourceDate "2019.07.06"]
[SourceVersion "2"]
[SourceVersionDate "2019.07.06"]
[SourceQuality "1"]

1. e4 c5 2. Nf3 Nc6 3. d4 cxd4 4. Nxd4 d6 5. Nc3 Nf6 6. Be2 e5 7. Nf3 Be7 8.
O-O O-O 9. a3 a6 10. h3 b5 1/2-1/2

[Event "HUN-chT2 Breyer 1213"]
[Site "Hungary"]
[Date "2012.09.16"]
[Round "1.1"]
[White "Jamrich, Gyorgy"]
[Black "Borocz, Istvan"]
[Result "0-1"]
[WhiteElo "2311"]
[BlackElo "2365"]
[PlyCount "130"]
[EventDate "2012.09.16"]
[EventType "team-tourn"]
[EventRounds "11"]
[EventCountry "HUN"]
[SourceTitle "OM OTB B 201907"]
[Source "Opening Master"]
[SourceDate "2019.07.06"]
[SourceVersion "2"]
[SourceVersionDate "2019.07.06"]
[SourceQuality "1"]

1. e4 c5 2. Nf3 d6 3. d4 cxd4 4. Nxd4 Nf6 5. Nc3 Nc6 6. Be2 e5 7. Nb3 Be7 8.
O-O O-O 9. Be3 a5 10. a4 Nb4 11. Bf3 Be6 12. Bg5 Rc8 13. Rc1 Qb6 14. Be3 Qa6
15. Be2 Qa8 16. f4 Rxc3 17. bxc3 Na2 18. Ra1 Nxc3 19. Qe1 Nxe2+ 20. Qxe2 Rc8
21. Nd2 Rc3 22. Rfc1 Rxe3 23. Qxe3 Ng4 24. Qg3 exf4 25. Qf3 Qa7+ 26. Kh1 Nf2+
27. Kg1 Nh3+ 28. Kh1 Bg4 29. gxh3 Bxf3+ 30. Nxf3 Bf6 31. Rab1 Qe3 32. Rf1 Qxe4
33. Rb5 g6 34. Rxa5 Qxc2 35. Rb5 Qe4 36. Kg2 Bd4 37. Re1 Be3 38. Re2 Kg7 39. a5
d5 40. Rxb7 d4 41. Reb2 d3 42. Rd7 d2 43. a6 Qc4 44. Rbxd2 Bxd2 45. Rxd2 Qxa6
46. h4 Qe6 47. h3 h6 48. Rf2 f6 49. Rf1 g5 50. hxg5 fxg5 51. Rf2 Kf6 52. Nh2
Qe4+ 53. Kg1 h5 54. Nf1 Kg6 55. Nh2 Qe3 56. Nf3 g4 57. Nh4+ Kg5 58. Ng2 Qc1+
59. Rf1 Qc5+ 60. Kh1 f3 61. h4+ Kf5 62. Ne1 Ke4 63. Kh2 Qd6+ 64. Kg1 Qg3+ 65.
Kh1 f2 0-1

[Event "SB-00251"]
[Site "LSS"]
[Date "2012.09.16"]
[Round "?"]
[White "Trani, Francesco"]
[Black "Vodicka, Milan"]
[Result "0-1"]
[WhiteElo "1898"]
[BlackElo "2084"]
[PlyCount "120"]
[EventDate "2012.08.28"]
[SourceTitle "LSS to Dec2020"]
[Source "LSS ed TH"]
[SourceDate "2021.01.12"]
[SourceVersion "3"]
[SourceVersionDate "2021.01.12"]
[SourceQuality "1"]

1. e4 c5 2. Nf3 Nc6 3. d4 cxd4 4. Nxd4 Nf6 5. Nc3 d6 6. Be2 e5 7. Nb3 Be7 8.
O-O O-O 9. Be3 Be6 10. Bf3 a5 11. Nd5 Bxd5 12. exd5 Nb8 13. c4 Na6 14. Qd3 Nd7
15. Qf5 g6 16. Qc2 f5 17. Bh6 Re8 18. Be2 a4 19. Nd2 a3 20. bxa3 Bf8 21. Bxf8
Rxf8 22. Rab1 Nac5 23. Qc3 Qa5 24. Qxa5 Rxa5 25. Rb2 Rxa3 26. Nb1 Ra6 27. Nc3
e4 28. f4 Kf7 29. g3 Nf6 30. Kf2 Ke7 31. a4 Nfd7 32. Rfb1 Rfa8 33. Rb4 h5 34.
h4 Kd8 35. Ke3 Nxa4 36. Nxa4 Rxa4 37. Rxb7 Ra2 38. R7b3 Nc5 39. R3b2 R8a3+ 40.
Kf2 Rxb2 41. Rxb2 Kc7 42. Kg2 Na4 43. Rc2 Nc3 44. c5 dxc5 45. d6+ Kxd6 46. Bc4
Kc6 47. Bf7 Nd5 48. Kh2 Ne3 49. Rc1 Ng4+ 50. Kg2 Rf3 51. Be8+ Kd6 52. Bf7 Ne3+
53. Kh2 Rf2+ 54. Kh1 Rg2 55. Rg1 Rd2 56. Rc1 c4 57. Bxc4 Nxc4 58. Rxc4 e3 59.
Rc8 e2 60. Re8 Rd1+ 0-1

[Event "GER-ch Net final U14"]
[Site "playchess.com INT"]
[Date "2012.09.15"]
[Round "9"]
[White "Schroeder, Jan Christian"]
[Black "Herbrig, Alexander"]
[Result "1-0"]
[WhiteElo "2052"]
[BlackElo "1731"]
[PlyCount "105"]
[EventDate "2012.09.15"]
[EventType "swiss (blitz)"]
[EventRounds "9"]
[EventCountry "GER"]
[SourceTitle "OM OTB B 201907"]
[Source "Opening Master"]
[SourceDate "2019.07.06"]
[SourceVersion "2"]
[SourceVersionDate "2019.07.06"]
[SourceQuality "1"]

1. e4 c5 2. Nf3 Nc6 3. d4 cxd4 4. Nxd4 Nf6 5. Nc3 d6 6. Be2 e5 7. Nb3 Be7 8.
Bg5 O-O 9. Bxf6 Bxf6 10. Qd3 Be6 11. O-O-O Be7 12. Nd5 Bxd5 13. Qxd5 Rc8 14. c3
a5 15. Kb1 a4 16. Nd2 a3 17. b3 Qc7 18. Nc4 Rfd8 19. Nxa3 Ra8 20. Nc4 Rdb8 21.
Qb5 Na5 22. Nb6 Ra6 23. Nd5 Qd8 24. Qb4 Nc6 25. Nxe7+ Qxe7 26. Qxd6 Qxd6 27.
Rxd6 Ra7 28. Rhd1 g6 29. Bb5 Kg7 30. Bxc6 bxc6 31. Rxc6 Rba8 32. a4 Rb8 33. Kc2
Rab7 34. b4 Ra8 35. a5 f5 36. Rd5 fxe4 37. Rxe5 e3 38. Rxe3 Rf8 39. f3 Rd7 40.
Kb3 h5 41. a6 Ra8 42. b5 Rd5 43. c4 Rd1 44. Kb4 Rb1+ 45. Kc5 Rd1 46. Rc7+ Kf6
47. a7 Ra1 48. b6 Rb1 49. Kc6 Rb4 50. c5 Rb1 51. Kb7 Re8 52. Rc8 Rf8 53. Rxf8+
1-0

[Event "Solingen-ch"]
[Site "Solingen"]
[Date "2012.09.14"]
[Round "1"]
[White "Kirschbaum, Alexander"]
[Black "Zolfagharian, Kevin"]
[Result "0-1"]
[WhiteElo "1450"]
[BlackElo "1981"]
[PlyCount "114"]
[EventDate "2012.09.14"]
[EventType "swiss"]
[EventRounds "7"]
[EventCountry "GER"]
[SourceTitle "OM OTB B 201907"]
[Source "Opening Master"]
[SourceDate "2019.07.06"]
[SourceVersion "2"]
[SourceVersionDate "2019.07.06"]
[SourceQuality "1"]

1. e4 c5 2. Nf3 Nc6 3. d4 cxd4 4. Nxd4 Nf6 5. Nc3 d6 6. Be2 e5 7. Ndb5 a6 8.
Na3 b5 9. Naxb5 axb5 10. Bxb5 Bd7 11. O-O Be7 12. Bg5 Nd4 13. Bxf6 Bxf6 14.
Bxd7+ Qxd7 15. Nd5 Bd8 16. c3 Ne6 17. Qg4 O-O 18. Rfd1 Qb7 19. b4 Nc7 20. Qd7
Ra6 21. a4 Qc6 22. Qxc6 Rxc6 23. b5 Rc4 24. b6 Nxd5 25. b7 Bc7 26. Rxd5 Rc5 27.
Rxc5 dxc5 28. a5 Rd8 29. a6 Bb6 30. g3 Ba7 31. Rb1 Kf8 32. Kg2 Ke7 33. Rb2 Kd7
34. Kf1 Kc7 35. Ke2 Kb8 36. h4 Rd6 37. Ra2 Bb6 38. Ra3 Ka7 39. Ra2 Bc7 40. Rb2
Rxa6 41. Rd2 Rd6 42. Rb2 Bb6 43. Rb1 Kxb7 44. Rb2 Rf6 45. Kf1 Kc6 46. Kg2 c4
47. Ra2 Rxf2+ 48. Rxf2 Bxf2 49. Kxf2 Kb5 50. Ke3 Ka4 51. Kd2 Kb3 52. g4 f6 53.
h5 h6 54. Kd1 Kxc3 55. Kc1 Kd3 56. Kd1 c3 57. Kc1 c2 0-1

[Event "POL-chT 2nd League"]
[Site "Lazy"]
[Date "2012.09.06"]
[Round "6"]
[White "Kowalski, Igor"]
[Black "Szczesniak, Konrad"]
[Result "1/2-1/2"]
[WhiteElo "1770"]
[BlackElo "2171"]
[PlyCount "99"]
[EventDate "2012.09.01"]
[EventType "team-swiss"]
[EventRounds "9"]
[EventCountry "POL"]
[SourceTitle "OM OTB B 201907"]
[Source "Opening Master"]
[SourceDate "2019.07.06"]
[SourceVersion "2"]
[SourceVersionDate "2019.07.06"]
[SourceQuality "1"]
[WhiteTeam "Warszawa MKS Polonia II"]
[BlackTeam "Prudnik LKS Zarzewie"]
[WhiteTeamCountry "POL"]
[BlackTeamCountry "POL"]

1. e4 c5 2. Nf3 Nc6 3. d4 cxd4 4. Nxd4 Nf6 5. Nc3 d6 6. Be2 e5 7. Nb3 Be6 8.
O-O Be7 9. Be3 O-O 10. f3 Rc8 11. Qd2 d5 12. exd5 Nxd5 13. Nxd5 Bxd5 14. c3 Na5
15. Nxa5 Qxa5 16. Qc2 Bc5 17. Bxc5 Qxc5+ 18. Kh1 b5 19. Bd3 g6 20. Qe2 Bc6 21.
Rfe1 Rfe8 22. Rad1 f5 23. Bc2 Kg7 24. Bb3 Kf6 25. Rd2 Rcd8 26. Red1 Qe7 27. Kg1
e4 28. f4 Qc5+ 29. Kf1 Ke7 30. a3 Qb6 31. Rxd8 Rxd8 32. Rxd8 Qxd8 33. Qe3 Ke8
34. Qd4 Qxd4 35. cxd4 Ke7 36. Ke2 Kd6 37. Bg8 h6 38. Bh7 Be8 39. Bg8 Ke7 40.
Bd5 Bf7 41. Bc6 Bc4+ 42. Ke3 Kd6 43. Be8 g5 44. Bg6 Be6 45. g4 gxf4+ 46. Kxf4
e3 47. Kxe3 fxg4 48. Bd3 Bd7 49. Be4 h5 50. Kf4 1/2-1/2

[Event "World ol U16"]
[Site "Istanbul"]
[Date "2012.09.05"]
[Round "10.7"]
[White "Paredes Bustamante, Paula Elizabeth"]
[Black "Yuksel, Atilla Koksal"]
[Result "1/2-1/2"]
[WhiteElo "1893"]
[BlackElo "2028"]
[PlyCount "69"]
[EventDate "2012.08.29"]
[EventType "team-swiss"]
[EventRounds "10"]
[EventCountry "TUR"]
[SourceTitle "OM OTB B 201907"]
[Source "Opening Master"]
[SourceDate "2019.07.06"]
[SourceVersion "2"]
[SourceVersionDate "2019.07.06"]
[SourceQuality "1"]

1. e4 c5 2. Nf3 Nc6 3. d4 cxd4 4. Nxd4 Nf6 5. Nc3 d6 6. Be2 e5 7. Nb3 Be7 8.
O-O O-O 9. f4 Be6 10. f5 Bxb3 11. axb3 Nd4 12. Bg5 Nxe4 13. Bxe7 Nxc3 14. bxc3
Nxe2+ 15. Qxe2 Qxe7 16. f6 gxf6 17. Ra4 Kh8 18. Raf4 Rg8 19. Rxf6 Rg7 20. Qc4
Kg8 21. Qd5 Rd8 22. h4 e4 23. h5 e3 24. Qf3 e2 25. Re1 Re8 26. Qf4 Qc7 27. Qxd6
Qxc3 28. Rxe2 Rf8 29. h6 Rg6 30. Rxg6+ hxg6 31. Re5 Qxc2 32. Re3 Qc1+ 33. Kf2
Qb2+ 34. Kg1 Rc8 35. Kh2 1/2-1/2

[Event "GER-ch Net qual2 U14"]
[Site "playchess.com INT"]
[Date "2012.09.05"]
[Round "1"]
[White "Seibt, Sascha"]
[Black "Herbrig, Alexander"]
[Result "0-1"]
[WhiteElo "1428"]
[BlackElo "1688"]
[PlyCount "60"]
[EventDate "2012.09.05"]
[EventType "swiss (blitz)"]
[EventRounds "7"]
[EventCountry "GER"]
[SourceTitle "OM OTB B 201907"]
[Source "Opening Master"]
[SourceDate "2019.07.06"]
[SourceVersion "2"]
[SourceVersionDate "2019.07.06"]
[SourceQuality "1"]

1. e4 c5 2. Nf3 Nc6 3. d4 cxd4 4. Nxd4 Nf6 5. Nc3 d6 6. Be2 e5 7. Nf3 Be7 8.
O-O O-O 9. Be3 Be6 10. Nd5 Nxe4 11. Nxe7+ Qxe7 12. Nd2 Nxd2 13. Bxd2 f5 14. b3
Rac8 15. a3 Nd4 16. Rc1 f4 17. f3 Rf6 18. c4 Rh6 19. g3 Rg6 20. Bd3 Bf5 21.
Bxf5 Nxf5 22. Be1 fxg3 23. Bxg3 Nxg3 24. hxg3 Qh4 25. Qe1 Rxg3+ 26. Kf2 Rf8 27.
Ke3 Qf4+ 28. Ke2 Rg2+ 29. Kd1 Qd4+ 30. Qd2 Qxd2# 0-1

[Event "FICS rated standard game"]
[Site "FICS freechess.org"]
[Date "2012.09.04"]
[Round "?"]
[White "maxoud"]
[Black "schachguerilla"]
[Result "1/2-1/2"]
[WhiteElo "2083"]
[BlackElo "2020"]
[PlyCount "117"]
[EventDate "2012.??.??"]

1. e4 c5 2. Nf3 d6 3. d4 cxd4 4. Nxd4 Nf6 5. Nc3 Nc6 6. Be2 e5 7. Nb3 Be7 8.
Bg5 O-O 9. O-O Nxe4 10. Nxe4 Bxg5 11. Nxg5 Qxg5 12. Qxd6 Bf5 13. c3 Rad8 14.
Qc5 Rfe8 15. Rad1 Be4 16. f3 b6 17. Qf2 Bc2 18. Rxd8 Rxd8 19. Bb5 Bxb3 20. axb3
Rd2 21. Qg3 Qe3+ 22. Kh1 Ne7 23. Re1 Qc5 24. Bf1 Ng6 25. b4 Qc6 26. Rb1 Qa4 27.
Qe1 Qc2 28. Qc1 Qxc1 29. Rxc1 Rxb2 30. Ra1 f5 31. Kg1 e4 32. fxe4 fxe4 33. Re1
Rc2 34. c4 Kf7 35. Rxe4 Kf6 36. Re8 h6 37. Ra8 Ra2 38. c5 bxc5 39. bxc5 Ne5 40.
Rd8 Rc2 41. Rd6+ Kf5 42. Ra6 Rxc5 43. Rxa7 Kf6 44. Ra2 g6 45. g3 Rc1 46. Kg2
Kf5 47. Rf2+ Ke4 48. Re2+ Kd5 49. h3 Ke6 50. Ra2 Rc3 51. Be2 h5 52. Ra8 Nc6 53.
Ra6 Kf5 54. Bd3+ Rxd3 55. Rxc6 Ra3 56. Rc5+ Ke4 57. h4 Ra2+ 58. Kh3 Ra6 59. Kg2
1/2-1/2

[Event "POL-chT 2nd League"]
[Site "Lazy"]
[Date "2012.09.01"]
[Round "1"]
[White "Siekaniec, Jan"]
[Black "Markiewicz, Jerzy"]
[Result "0-1"]
[WhiteElo "2159"]
[BlackElo "2261"]
[PlyCount "55"]
[EventDate "2012.09.01"]
[EventType "team-swiss"]
[EventRounds "9"]
[EventCountry "POL"]
[SourceTitle "OM OTB B 201907"]
[Source "Opening Master"]
[SourceDate "2019.07.06"]
[SourceVersion "2"]
[SourceVersionDate "2019.07.06"]
[SourceQuality "1"]
[WhiteTeam "Prudnik LKS Zarzewie"]
[BlackTeam "Pilzno GKSz Hetman"]
[WhiteTeamCountry "POL"]
[BlackTeamCountry "POL"]

1. e4 c5 2. Nf3 d6 3. d4 cxd4 4. Nxd4 Nf6 5. Nc3 Nc6 6. Be2 e5 7. Nb3 Be7 8.
O-O O-O 9. f4 a5 10. a4 Nb4 11. Kh1 Be6 12. f5 Bd7 13. Bg5 Bc6 14. Bxf6 Bxf6
15. Nd5 Bxd5 16. exd5 e4 17. c3 Na6 18. Bb5 Nc7 19. Bc4 Re8 20. Qg4 Re5 21. Nd2
Qe7 22. Bb3 e3 23. Nf3 Re4 24. Qh3 Ra6 25. Rfe1 Rb6 26. Ra3 h6 27. g3 Nxd5 28.
Qf1 0-1

[Event "World ol U16"]
[Site "Istanbul"]
[Date "2012.08.29"]
[Round "1.13"]
[White "Gundogan, Sinem Cagla"]
[Black "Yuksel, Atilla Koksal"]
[Result "0-1"]
[WhiteElo "1669"]
[BlackElo "2028"]
[PlyCount "67"]
[EventDate "2012.08.29"]
[EventType "team-swiss"]
[EventRounds "10"]
[EventCountry "TUR"]
[SourceTitle "OM OTB B 201907"]
[Source "Opening Master"]
[SourceDate "2019.07.06"]
[SourceVersion "2"]
[SourceVersionDate "2019.07.06"]
[SourceQuality "1"]

1. e4 c5 2. Nf3 Nc6 3. d4 cxd4 4. Nxd4 Nf6 5. Nc3 d6 6. Be2 e5 7. Ndb5 a6 8.
Na3 Be6 9. Bg5 Be7 10. Bxf6 Bxf6 11. Nc4 Be7 12. Nd5 Bxd5 13. exd5 Nd4 14. O-O
Nxe2+ 15. Qxe2 O-O 16. f4 b5 17. Nd2 exf4 18. Rxf4 Bf6 19. c3 Be5 20. Rf3 Qg5
21. Qf2 f5 22. Rf1 g6 23. Ne4 Qe7 24. Ng3 Rfe8 25. Kh1 Qh4 26. h3 Qc4 27. Rd1
Qxa2 28. Qd2 Qc4 29. Qg5 Bg7 30. Rxf5 gxf5 31. Nxf5 Qc7 32. Rd4 Kh8 33. Rg4
Re1+ 34. Kh2 0-1

[Event "Istanbul ol (Men) 40th"]
[Site "Istanbul"]
[Date "2012.08.28"]
[Round "1.1"]
[White "Punongbayan, Hexilon Dela Cruz"]
[Black "Nedev, Trajce"]
[Result "0-1"]
[WhiteElo "2091"]
[BlackElo "2494"]
[PlyCount "62"]
[EventDate "2012.08.28"]
[EventType "team-swiss"]
[EventRounds "11"]
[EventCountry "TUR"]
[SourceTitle "OM OTB B 201907"]
[Source "Opening Master"]
[SourceDate "2019.07.06"]
[SourceVersion "2"]
[SourceVersionDate "2019.07.06"]
[SourceQuality "1"]

1. e4 c5 2. Nf3 Nc6 3. d4 cxd4 4. Nxd4 Nf6 5. Nc3 d6 6. Be2 e5 7. Nf3 h6 8. h3
Be7 9. Be3 Be6 10. Qd2 a6 11. a4 Na5 12. O-O Rc8 13. Rfd1 Qc7 14. Nd5 Bxd5 15.
exd5 Nc4 16. Bxc4 Qxc4 17. Ne1 Ne4 18. Qa5 Bd8 19. Bb6 Rc5 20. Bxd8 Rxa5 21.
Bxa5 Qc5 22. Bc3 Qxf2+ 23. Kh2 Qg3+ 24. Kg1 Qe3+ 25. Kh2 Nxc3 26. bxc3 Qxc3 27.
Rab1 Qc7 28. Rb3 O-O 29. Rdb1 Rb8 30. Nd3 a5 31. R1b2 Qc4 0-1

[Event "Brno Trade op-A 37th"]
[Site "Brno"]
[Date "2012.08.26"]
[Round "1"]
[White "Sukdolak, Radek"]
[Black "Straka, Vojtech"]
[Result "0-1"]
[WhiteElo "1892"]
[BlackElo "2286"]
[PlyCount "98"]
[EventDate "2012.08.26"]
[EventType "swiss"]
[EventRounds "9"]
[EventCountry "CZE"]
[SourceTitle "OM OTB B 201907"]
[Source "Opening Master"]
[SourceDate "2019.07.06"]
[SourceVersion "2"]
[SourceVersionDate "2019.07.06"]
[SourceQuality "1"]

1. e4 c5 2. Nf3 d6 3. d4 cxd4 4. Nxd4 Nf6 5. Nc3 Nc6 6. Be2 e5 7. Nb3 Be7 8.
Be3 O-O 9. O-O Be6 10. f3 d5 11. exd5 Nxd5 12. Nxd5 Qxd5 13. Qxd5 Bxd5 14. Bc5
Bxc5+ 15. Nxc5 b6 16. Ne4 Rad8 17. Nc3 Be6 18. a3 Bf5 19. Ne4 Bxe4 20. fxe4 Nd4
21. Bd3 Nb3 22. Rad1 Nc5 23. Bc4 Rxd1 24. Rxd1 Rc8 25. b4 Ne6 26. Bxe6 fxe6 27.
Rd7 a5 28. Rb7 axb4 29. axb4 Rxc2 30. Rxb6 Kf7 31. Rb7+ Kf6 32. g4 Re2 33. g5+
Kg6 34. Re7 Rxe4 35. Rxe6+ Kxg5 36. b5 Kf5 37. Re7 Kf6 38. Rc7 Rb4 39. Rc6+ Kf5
40. b6 Rb2 41. h4 g6 42. Kf1 Kg4 43. Ke1 Kxh4 44. Kd1 g5 45. Kc1 Rb5 46. Kd2 h5
47. Ke3 Rb4 48. Kf3 g4+ 49. Kg2 Rb2+ 0-1

[Event "Schwarzach op 27th"]
[Site "Schwarzach"]
[Date "2012.08.25"]
[Round "8"]
[White "Scherer, Holger"]
[Black "Danner, Georg"]
[Result "1/2-1/2"]
[WhiteElo "2076"]
[BlackElo "2374"]
[PlyCount "83"]
[EventDate "2012.08.18"]
[EventType "swiss"]
[EventRounds "9"]
[EventCountry "AUT"]
[SourceTitle "OM OTB B 201907"]
[Source "Opening Master"]
[SourceDate "2019.07.06"]
[SourceVersion "2"]
[SourceVersionDate "2019.07.06"]
[SourceQuality "1"]

1. e4 c5 2. Nf3 Nc6 3. d4 cxd4 4. Nxd4 Nf6 5. Nc3 d6 6. Be2 e5 7. Nb3 Be7 8.
O-O O-O 9. Bg5 Nxe4 10. Nxe4 Bxg5 11. Nxd6 Qe7 12. Bc4 Rd8 13. Nxc8 Raxc8 14.
Qe2 Nd4 15. Nxd4 Rxd4 16. Bb3 Rcd8 17. Rad1 Bd2 18. c3 R4d6 19. Qe4 Bg5 20.
Rxd6 Rxd6 21. Rd1 Rxd1+ 22. Bxd1 g6 23. Bf3 b6 24. Qb7 Qxb7 25. Bxb7 Bc1 26. b3
Bb2 27. c4 h5 28. Kf1 f5 29. Ke2 Kf7 30. Kd3 a5 31. f3 Kf6 32. Bd5 Ba3 33. Bc6
Bd6 34. Bd5 g5 35. h3 Bc5 36. a4 Bg1 37. Bc6 Bc5 38. Be8 h4 39. Bd7 Bb4 40. Bc8
Ba3 41. Bd7 Bc5 42. Bc8 1/2-1/2

[Event "EU-ch U14"]
[Site "Prague"]
[Date "2012.08.24"]
[Round "8"]
[White "Cach, Jakub"]
[Black "Lopez Popov, Ivan"]
[Result "1-0"]
[WhiteElo "1596"]
[BlackElo "1719"]
[PlyCount "173"]
[EventDate "2012.08.17"]
[EventType "swiss"]
[EventRounds "9"]
[EventCountry "CZE"]
[SourceTitle "OM OTB B 201907"]
[Source "Opening Master"]
[SourceDate "2019.07.06"]
[SourceVersion "2"]
[SourceVersionDate "2019.07.06"]
[SourceQuality "1"]

1. e4 c5 2. Nf3 d6 3. d4 cxd4 4. Nxd4 Nf6 5. Nc3 Nc6 6. Be2 e5 7. Nb3 h6 8. Be3
Be6 9. O-O Be7 10. f4 exf4 11. Bxf4 O-O 12. Kh1 d5 13. exd5 Nxd5 14. Nxd5 Bxd5
15. Bf3 Bxf3 16. Qxf3 Bf6 17. c3 Qb6 18. Qg3 Ne7 19. Bxh6 Ng6 20. Be3 Qb5 21.
Qf2 a5 22. Nd4 Qc4 23. Nf5 Be5 24. Bd4 Bxd4 25. Qxd4 Qxd4 26. Nxd4 Ne5 27. Nf5
Rad8 28. Rad1 Nd3 29. Rd2 Rfe8 30. Nd4 Nc5 31. Kg1 b5 32. Rdf2 b4 33. Rxf7 bxc3
34. bxc3 Ne4 35. Nc6 Rd6 36. Nxa5 Nxc3 37. a3 Ra6 38. Nc4 Rc8 39. Ne5 Rxa3 40.
Ng6 Re8 41. Rf8+ Rxf8 42. Nxf8 Ra6 43. Nd7 Rd6 44. Ne5 Ne4 45. Nf3 Rg6 46. Re1
Nd6 47. h3 Rf6 48. Nd4 Rf4 49. Ne6 Rf6 50. Ng5 Rf5 51. Re6 Rxg5 52. Rxd6 Rc5
53. Kf2 Kf7 54. Kf3 Rc4 55. Kg3 g5 56. Ra6 Rb4 57. Kf3 Rc4 58. Rd6 Ra4 59. Ke3
Ra2 60. Rd2 Ra4 61. Rd4 Ra2 62. Kf3 Kf6 63. h4 gxh4 64. Rxh4 Ra3+ 65. Kg4 Kg6
66. Rh8 Ra4+ 67. Kh3 Ra3+ 68. Kh4 Ra4+ 69. Kh3 Ra3+ 70. g3 Kg5 71. Rg8+ Kh5 72.
Rb8 Kg5 73. Rb5+ Kg6 74. Kh4 Ra4+ 75. g4 Ra6 76. Rg5+ Kh7 77. Rh5+ Rh6 78. Kg5
Rxh5+ 79. Kxh5 Kg7 80. Kg5 Kh7 81. Kf6 Kh6 82. g5+ Kh7 83. Kf7 Kh8 84. Kg6 Kg8
85. Kh6 Kf7 86. Kh7 Kf8 87. g6 1-0